| 000 | 01837nam a2200493 i 4500 | ||
|---|---|---|---|
| 001 | 24652 | ||
| 003 | KOSZ 005 | ||
| 005 | 20200602133220.0 | ||
| 008 | 200602s1996 pl a f f 000 0 pol | ||
| 015 | _aPB 1997/3792 | ||
| 020 | _a8386123591 | ||
| 040 |
_aWA N _cWA N _dKOSZ 005/RW |
||
| 046 | _k1996 | ||
| 080 | _a621.51/.54 | ||
| 080 | _a681.5 | ||
| 080 | _a004 | ||
| 080 | _a(075.8) | ||
| 100 | 1 |
_aKiczkowiak, Tomasz _d(1955- ) _eAutor |
|
| 245 | 1 | 0 |
_aPneumatyczne układy sterowniczo-napędowe : _blaboratorium / _cTomasz Kiczkowiak. |
| 260 |
_aKoszalin : _bWydawnictwo Uczelniane Wyższej Szkoły Inżynierskiej, _c1996. |
||
| 300 |
_a72 strony : _bfotografie, rysunki, wykresy ; _c24 cm. |
||
| 336 |
_aTekst _btxt _2rdacontent |
||
| 337 |
_aBez urządzenia pośredniczącego _bn _2rdamedia |
||
| 338 |
_aWolumin _bnc _2rdacarrier |
||
| 380 | _aKsiążki | ||
| 380 | _aPublikacje dydaktyczne | ||
| 388 | _a1901-2000 | ||
| 388 | _a1989-2000 | ||
| 504 | _aBibliografia na stronach 71-72. | ||
| 521 | 8 | _aSkrypt Wydziału Mechanicznego do przedmiotów: Napęd i sterowanie hydropneumatyczne, Robotyka. | |
| 650 | 7 | _aKomputery | |
| 650 | 7 | _aZastosowanie i wykorzystanie | |
| 650 | 7 | _aNapęd pneumatyczny | |
| 650 | 7 | _aUrządzenia | |
| 650 | 7 | _aAutomatyzacja | |
| 650 | 7 | _aSterowanie | |
| 650 | 7 | _aModele matematyczne | |
| 655 | 7 | _aPodręczniki akademickie | |
| 658 | _aInżynieria i technika | ||
| 710 | 2 |
_aWydawnictwo Uczelniane (Wyższa Szkoła Inżynierska ; Koszalin) _4pbl. |
|
| 856 |
_uhttp://dlibra.tu.koszalin.pl/dlibra/docmetadata?id=137&from=&dirids=1&ver_id=&lp=1&QI= _yBiblioteka Cyfrowa |
||
| 856 |
_uhttp://koha.tu.koszalin.pl/cgi-bin/koha/opac-detail.pl?biblionumber=24652 _yKatalog online BPK |
||
| 942 |
_2UKD _cKS |
||
| 999 |
_c24652 _d24652 |
||